| 000 | 01087nam a22003497a 4500 | ||
|---|---|---|---|
| 003 | CHAP | ||
| 005 | 20220817043648.0 | ||
| 008 | 000427d1999 it rn 00110 fre d | ||
| 010 | _a80927 | ||
| 011 | _a81899 | ||
| 020 | _a9252043225 | ||
| 035 | _a92382 | ||
| 040 | _cCHAP | ||
| 082 | 0 | 4 |
_a639.2 _bF46f v.595 |
| 110 | 2 | _aFAO | |
| 245 | 1 | 0 |
_aRapport de la session du comité des peches (23o) _c/par |
| 260 |
_aRome : _bFAO, _c1999. |
||
| 300 | _a71 p. | ||
| 490 | 0 |
_aFAO. Informe de pesca _v; 595 |
|
| 590 |
_aBATCH-UPD _b10 _c20130110 _lUCH01 _h1044 |
||
| 590 |
_aBATCH-UPD _b10 _c20130410 _lUCH01 _h0643 |
||
| 590 |
_aBATCH-UPD _b10 _c20130914 _lUCH01 _h1348 |
||
| 590 |
_aCONVERSION _b10 _c20130109 _lUCH01 _h1345 |
||
| 650 | 1 | 4 |
_aPesca _xInvestigación. _987391 |
| 650 | 1 | 4 |
_aPesquería. _987496 |
| 830 | 0 |
_aFAO. Informe de pesca _v; 595 _939587 |
|
| 901 | _aBK | ||
| 905 | _aPatricia Mendoza P. | ||
| 942 | _cLIBRO | ||
| 949 |
_a639.2 F46f v.595 _bBC _cFAO _d33724000770731 _eFAO1 _h97512 _i92382 _sb |
||
| 949 |
_a639.2 F46f v.595 _bBC _cFAO _d33724000805388 _eFAO2 _fc.2 _h98703 _i92382 _sb |
||
| 999 |
_c80927 _d80927 |
||